000 01073nam a2200277 a 4500
001 1107
003 BR-CuiBMT
005 20231130010047.0
008 231128s2008 dfba 000 0 por d
020 _a9788587499035
040 _aBR-CuiBMT
_cBR-CuiBMT
080 _22007
_a342
090 _a342
_bS474e
110 1 _aSenado Federal.
_bInstituto Legislativo Brasileiro.
245 1 0 _aEstado e economia em vinte anos de mudança :
_bsistema tributário e ordem econômica /
_c[organizadores: Bruno Dantas ... et al.].
260 _aBrasília :
_bSenado Federal :
_bInstituto Legislativo Brasileiro,
_c2008.
300 _a862 p. :
_bil. ;
_c23 cm
490 1 _aConstituição de 1988 : o Brasil 20 anos depois ;
_vv. 4
504 _aInclui bibliografia.
650 _aConstituição federal
_xAspectos tributários
_zBrasil
650 _aConstituição federal
_xAspectos econômicos
_zBrasil
650 _aDireito constitucional
_zBrasil
700 1 _aDantas, Bruno
_eet al.
_eorganizadores
830 0 _aConstituição de 1988 : o Brasil 20 depois ;
_v4
942 _2udc
_cLV
999 _c1107
_d1107